000 00483nam a22001697a 4500
003 MPLRDC
005 20220104143741.0
008 210129b ||||| |||| 00| 0 eng d
082 _a524.914 DZ 1987-1992
100 _a独中工委会考试局
245 _a历史: 历届试题集(第二辑) 1987-1992
_c
260 _a
_b马来西亚华校董事联合
_c1993
300 _b
490 _a马来西亚华文独中初中统考
650 _a
942 _cBK
_o524.914 DZ 1987-1992
999 _c42974
_d42964